1128 1116 1784 1198 1837 1702 1816 1499 1863 1842 1336 1761 1067 1527 1574 1651 1438 1448 1059 1529 1716 1450 1563 1424 1625 1998 1044 1507 1667 1953 1552 1944 1370 1211 1037 1326 1973 1284 1726 1960 1974 1312 1717 1129 1854 1623 1685 1395 1958 1485 1347 1749 1587 1855 1741 1664 1772 1733 1795 1871 1945 1053 1061 1685 1055 1014 1981 1723 1796 1881 1392 1252 1520 1653 1848 1963 1018 1422 1466 1098 1277 1925 1877 1827 1226 1209 1251 1783 1447 1085 1961 1087 1064 1058 1617 1051 1269 1152 1625 BCNSPRNW ULIB Ver.6.0+V

เปลี่ยนเป็นภาษาไทย

Change to English
 แสดงรายละเอียดบรรณานุกรม
  กลับหน้าหลัก

Brief Record : Get Marc (ISO 2709) : E-mail record : QR code < ปิดหน้าต่าง
LEADER : 00000nam 2200000uu 4500
001    13399108712
003     ULIB
008    110311s2552||||th 000 0 tha d
020    9786165070034
060 04 QZ201^bม211ก 2552
100 0  มลฤดี สุขประสารทรัพย์
245 10 กินอาหารไทยห่างไกลมะเร็ง /^cมลฤดี สุขประสารทรัพย์, แก้วกังสดาลอำไพ
250    พิมพ์ครั้งที่ 1
260    กรุงเทพฯ :^bหมอชาวบ้าน,^c2552
300    152 หน้า :^bภาพประกอบสี ;^c21 ซม.
650  7 สารต้านมะเร็ง
650  7 อาหารไทย
650  7 อาหารเพื่อสุขภาพ
650  7 อาหาร, การรักษาด้วยการกำหนด
700 0  แก้ว กังสดาลอำไพ
945    ^p250^l0^i027110
945    ^p250^l0^i027109
995    ทศพร
999 ^a ใช้งานได้ทุกระบบ
รายการนี้ยังไม่มีแท็ก
คุณยังไม่ได้ล็อกอิน คุณสามารถมีกิจกรรมร่วมกับเว็บไซต์ได้ แต่ต้องล็อกอินก่อน ::
  ล็อกอิน

รายการสื่อสารสนเทศ

ลำดับที่ ประเภท เลขเรียก/บาร์โค้ด สถานที่ สถานะ
- ไม่พบข้อมูล -

รายการใกล้เคียง
    ผู้แต่ง [มลฤดี สุขประสารทรัพย์]

    หัวเรื่อง [สารต้านมะเร็ง]
    หัวเรื่อง [อาหารไทย]
    หัวเรื่อง [อาหารเพื่อสุขภาพ]
    หัวเรื่อง [อาหาร, การรักษาด้วยการกำหนด]

BibComment


ยังไม่เคยถูกคอมเมนท์

คอมเมนท์ทรัพยากรรายการนี้
  คอมเมนท์: กินอาหารไทยห่างไก..


 Copyright 2026. Bcnsprnw @Library